Westbrook Dolphin Square Ltd v Friends Life Ltd (Record no. 84168)
[ view plain ]
| 000 -LEADER | |
|---|---|
| fixed length control field | 01330cad a22002055a 4500 |
| 001 - CONTROL NUMBER | |
| control field | L156837 |
| 008 - FIXED-LENGTH DATA ELEMENTS--GENERAL INFORMATION | |
| fixed length control field | 120718e2012 xxk 000 0 eng d |
| 035 ## - SYSTEM CONTROL NUMBER | |
| System control number | (Sirsi) u156837 |
| 041 0# - LANGUAGE CODE | |
| Language code of text/sound track or separate title | eng |
| 245 00 - TITLE STATEMENT | |
| Title | Westbrook Dolphin Square Ltd v Friends Life Ltd |
| Medium | [electronic resource] |
| 260 ## - PUBLICATION, DISTRIBUTION, ETC. | |
| Date of publication, distribution, etc. | 2012 |
| 520 ## - SUMMARY, ETC. | |
| Summary, etc. | [2012] EWCA Civ 666, 18 May 2012. The appellant (W) appealed against a decision striking out its proceedings seeking a declaration that the tenants of flats were entitled to acquire the freehold from the respondent (F) pursuant to the Leasehold Reform, Housing and Urban Development Act 1993 s22. W had made a leasehold enfranchisement claim in 2007 which was withdrawn shortly before a High Court hearing in 2009. Respondent F argued that the 2012 claim was an abuse of process under Civil Procedure Rule (CPR) 38.7. "Held": appeal allowed. Second or subsequent enfranchisement notices are not an abuse of process as the 1993 Act overrides CPR 38.7. |
| 590 ## - LOCAL NOTE (RLIN) | |
| Local note | KA |
| 650 24 - SUBJECT ADDED ENTRY--TOPICAL TERM | |
| Topical term or geographic name entry element | WESTBROOK DOLPHIN SQUARE LTD V FRIENDS LIFE LTD |
| 650 24 - SUBJECT ADDED ENTRY--TOPICAL TERM | |
| Topical term or geographic name entry element | LEASEHOLD REFORM, HOUSING AND URBAN DEVELOPMENT ACT 1993 |
| 651 #4 - SUBJECT ADDED ENTRY--GEOGRAPHIC NAME | |
| Geographic name | ENGLAND AND WALES |
| 690 ## - LOCAL SUBJECT ADDED ENTRY--TOPICAL TERM (OCLC, RLIN) | |
| Topical term or geographic name as entry element | Landlord and tenant |
| 9 (RLIN) | 6252 |
| 856 40 - ELECTRONIC LOCATION AND ACCESS | |
| Uniform Resource Identifier | <a href="https://www.bailii.org/ew/cases/EWCA/Civ/2012/666.html">https://www.bailii.org/ew/cases/EWCA/Civ/2012/666.html</a> |
| Public note | View the law report free of charge at www.bailii.org |
| 942 ## - ADDED ENTRY ELEMENTS (KOHA) | |
| Suppress in OPAC | 0 |
| Withdrawn status | Lost status | Source of classification or shelving scheme | Damaged status | Not for loan | Home library | Current library | Shelving location | Date acquired | Total Checkouts | Full call number | Barcode | Date last seen | Copy number | Price effective from | Koha item type |
|---|---|---|---|---|---|---|---|---|---|---|---|---|---|---|---|
| Dewey Decimal Classification | Virtual | Virtual | Online | 18/07/2012 | ONLINE PUBLICATION | 156837-2001 | 06/08/2019 | 1 | 06/08/2019 | Law report |